Moving out of poverty. (Registro nro. 163835)

Detalles MARC
000 -ENCABEZADO
Número de control [NR] 01912cam a22004694a 4500
003 - IDENTIFICADOR DE CONTROL NÚMERO
control field The World Bank
005 - FECHA Y HORA DE LA ÚLTIMA TRANSACCIÓN
control field 20140910090235.0
006 - DE LONGITUD FIJA DE DATOS ELEMENTOS - CARACTERÍSTICAS ADICIONALES DEL MATERIAL - INFORMACIÓN GENERAL
fixed length control field m d
007 - CAMPO DESCRIPCIÓN FÍSICA FIJA - INFORMACIÓN GENERAL
fixed length control field cr cn|||||||||
008 - DE LONGITUD FIJA DE DATOS DE ELEMENTOS - INFORMACIÓN GENERAL
Elementos de longitud fija [NR] 071219m20079999enka b i001 0 eng
010 ## - NUMERO DE CONTROL DE LA BIBLIOTECA DEL CONGRESO (LC) [NR]
Número de control LC [NR] 2007300362
015 ## - NUMERO DE BIBLIOGRAFIA NACIONAL [R]
Número de bibliografía nacional [R] GBA764113
Fuente [NR] bnb
016 7# - NUMERO DE CONTROL DE AGENCIA BIBLIOGRAFICA NACIONAL [R]
Número de control [NR] 013818132
Fuente [NR] Uk
020 ## - NUMERO INTERNACIONAL NORMALIZADO PARA LIBROS [R]
Número Internacional Normalizado del libro [NR] 0821369911 (v. 1 : pbk.)
020 ## - NUMERO INTERNACIONAL NORMALIZADO PARA LIBROS [R]
Número Internacional Normalizado del libro [NR] 0821371118 (v. 1 : hbk.)
020 ## - NUMERO INTERNACIONAL NORMALIZADO PARA LIBROS [R]
Número Internacional Normalizado del libro [NR] 9780821369913 (v. 1 : pbk.)
020 ## - NUMERO INTERNACIONAL NORMALIZADO PARA LIBROS [R]
Número Internacional Normalizado del libro [NR] 9780821371114 (v. 1 : hbk.)
020 ## - NUMERO INTERNACIONAL NORMALIZADO PARA LIBROS [R]
Número Internacional Normalizado del libro [NR] 9780821372159 (v. 2 : pbk.)
020 ## - NUMERO INTERNACIONAL NORMALIZADO PARA LIBROS [R]
Número Internacional Normalizado del libro [NR] 9780821378366 (v. 2 : hbk.)
035 ## - NUMERO DE CONTROL DEL SISTEMA [R]
Número de control del sistema [NR] (The World Bank)ocn165409566
040 ## - FUENTE DE CATALOGACION [NR]
Agencia de catalogación original [NR] UKM
Quien Cataloga
Quien Clasifica
--
--
--
--
--
042 ## - CODIGO DE AUTENTICACION [NR]
Código de autenticación [R] lccopycat
050 00 - SIGNATURA TOPOGRAFICA DE LA BIBLIOTECA DEL CONGRESO (LC) [R]
Número clasificador [R] HC59.72.P6
Número del ítem [NR] M68 2007
082 04 - NUMERO DE CLASIFICACION DECIMAL DEWEY [R]
Número de clasificación [R] 339.46091724
Número de la edición [NR] 22
245 00 - MENCION DE TITULO [NR]
Título [NR] Moving out of poverty.
Medio físico [NR] recurso electrónico
260 ## - PUBLICACION, DISTRIBUCION, ETC. (PIE DE IMPRENTA) [R]
Lugar de publicación, distribución, etc. [R] Basingstoke aNew York bPalgrave aWashington, D.C. bWorld Bankcc2007-<2009>
Nombre del editor, distribuidor, etc. [R] xx
Fecha de publicación, distribución, etc. [R] xx
300 ## - DESCRIPCION FISICA [R]
Extensión [R] v. <1-2> bill. c24 cm.
505 0# - NOTA DE CONTENIDO CON FORMATO PREESTABLECIDO [R]
Nota de contenido con formato preestablecido [NR] v. 1. Cross-disciplinary perspectives on mobility / Deepa Narayan and Patti Petesch, editors. -- v. 2. Success from the bottom up / Deepa Narayan, Lant Pritchett, and Soumya Kapoor
650 #0 - ASIENTO SECUNDARIO DE MATERIA - TERMINO TEMATICO [R]
Término temático o nombre geográfico como elemento de entrada [NR] Migrant labor
Subdivisión geográfica [R] Developing countries.
9 (RLIN) 31192
650 #0 - ASIENTO SECUNDARIO DE MATERIA - TERMINO TEMATICO [R]
Término temático o nombre geográfico como elemento de entrada [NR] Poverty
Subdivisión geográfica [R] Developing countries.
9 (RLIN) 31193
650 #0 - ASIENTO SECUNDARIO DE MATERIA - TERMINO TEMATICO [R]
Término temático o nombre geográfico como elemento de entrada [NR] Social mobility
Subdivisión general [R] Economic aspects
Subdivisión geográfica [R] Developing countries.
9 (RLIN) 31194
651 #0 - ASIENTO SECUNDARIO DE MATERIA - NOMBRE GEOGRAFICO [R]
Nombre geográfico [NR] Developing countries
Subdivisión general [R] Economic conditions.
9 (RLIN) 31195
700 1# - ASIENTO SECUNDARIO - NOMBRE PERSONAL [R]
Nombre personal [NR] Kapoor, Soumya.
9 (RLIN) 31196
700 1# - ASIENTO SECUNDARIO - NOMBRE PERSONAL [R]
Nombre personal [NR] Narayan-Parker, Deepa.
9 (RLIN) 31197
700 1# - ASIENTO SECUNDARIO - NOMBRE PERSONAL [R]
Nombre personal [NR] Petesch, Patti L.
9 (RLIN) 31198
700 1# - ASIENTO SECUNDARIO - NOMBRE PERSONAL [R]
Nombre personal [NR] Pritchett, Lant.
9 (RLIN) 31199
773 0# - ASIENTO DEL ITEM FUENTE [R]
Lugar, editorial y fecha de publicación [NR] xx xx xx
Otro identificador del ítem [R] worldbank
Título [NR] World Bank
776 08 - ASIENTO DE SOPORTE FISICO ADICIONAL [R]
Asiento principal [NR] Print Versionz9780821372159
830 #0 - ASIENTO SECUNDARIO DE SERIE--TITULO UNIFORME [R]
Título uniforme [NR] World Bank e-Library.
9 (RLIN) 31200
856 40 - LOCALIZACION Y ACCESO ELECTRONICOS [R]
Identificador Uniforme del Recurso (“URI”) [R] <a href="http://ez.urosario.edu.co/login?url=http://elibrary.worldbank.org/content/book/9780821372159">http://ez.urosario.edu.co/login?url=http://elibrary.worldbank.org/content/book/9780821372159</a>
942 ## - ELEMENTOS DE ENTRADA AGREGADOS (KOHA)
Tipo de ítem principal el descrito en 300a Recurso electrónico
Prefijo de la signatura top. (colección)
Sistema de clasificación DEWEY
Clasificación 339.46091724

No hay ítems disponibles.